| 000 | 01548nam a2200481 i 4500 | ||
|---|---|---|---|
| 001 | 36483 | ||
| 003 | KOSZ 005 | ||
| 005 | 20240405063115.0 | ||
| 008 | 200714s1999 pl f 000 0 pol d | ||
| 020 | _a8371872151 | ||
| 040 |
_aKOSZ 005 _cKOSZ 005/RW |
||
| 046 | _k1999 | ||
| 080 | _a351.712 | ||
| 080 | _a347.45/.46(438) | ||
| 080 | _a(083) | ||
| 100 | 1 |
_aKubik, Piotr T. _eAutor |
|
| 245 | 1 | 0 |
_aProcedury przetargowe w obrocie gospodarczym / _cPiotr T. Kubik, Ewa Frymark. |
| 250 | _aStan prawny na dzień 1 maja 1999 r. | ||
| 260 |
_aGdańsk : _bOśrodek Doradztwa i Doskonalenia Kadr, _c1999. |
||
| 300 |
_a207 stron ; _c24 cm. |
||
| 336 |
_aTekst _btxt _2rdacontent |
||
| 337 |
_aBez urządzenia pośredniczącego _bn _2rdamedia |
||
| 338 |
_aWolumin _bnc _2rdacarrier |
||
| 380 | _aKsiążki | ||
| 380 | _aPublikacje fachowe | ||
| 388 | 1 | _a1901-2000 | |
| 388 | 1 | _a1989-2000 | |
| 648 | 7 | _a1901-2000 | |
| 648 | 7 | _a1989-2000 | |
| 648 | 7 | _a2001- | |
| 650 | 7 | _aZamówienia publiczne | |
| 650 | 7 | _aUmowa | |
| 650 | 7 | _aPrawo | |
| 651 | 7 | _aPolska | |
| 655 | 7 | _aPoradnik | |
| 655 | 7 | _aTablice i wzory | |
| 658 | _aGospodarka, ekonomia, finanse | ||
| 658 | _aPrawo i wymiar sprawiedliwości | ||
| 700 | 1 |
_aFrymark, Ewa _eAutor |
|
| 710 | 2 |
_aOśrodek Doradztwa i Doskonalenia Kadr (Gdańsk) _4pbl |
|
| 856 |
_uhttp://koha.tu.koszalin.pl/cgi-bin/koha/opac-detail.pl?biblionumber=36483 _yKatalog online BPK |
||
| 942 |
_2UKD _cKS |
||
| 999 |
_c36483 _d36483 |
||